Statistics for Borussia Mönchengladbach 2020's Starting XI

Click here to take the quiz!

General Stats

  • This quiz has been taken 883 times
    (453 since last reset)
  • The average score is 11 of 18

Answer Stats

Player% Correct
Yann Sommer
97%
Marcus Thuram
89%
Alassane Pléa
82%
Ramy Bensebaini
78%
Breel Embolo
68%
Nico Elvedi
65%
Jonas Hofmann
61%
Matthias Ginter
61%
Stefan Lainer
59%
Kouadio Koné
57%
Florian Neuhaus
54%
Christoph Kramer
52%
Ko Itakura
51%
Jonas Omlin
50%
Lars Stindl
49%
Joseph Scally
46%
Denis Zakaria
43%
Oscar Wendt
42%

Score Distribution

Percentile by Number Answered

Percent of People with Each Score

Your Score History

You have not taken this quiz since the last reset